000 00745nam a2200241 i 4500
001 000030496
003 DO-SdBNP
005 20250714120136.0
007 ta
008 110518s20uu dr 000 0 spa d
040 _aDO-SdBNP
_bspa
_cBNPHU
_erda
082 _bB213e
_222
110 2 _aBanco Central de la República Dominicana
_983405
245 1 0 _aEstadísticas del Banco Central de la República Dominicana 1947-2003.
264 _aSanto Domingo :
_bBanco Central de la República Dominicana,
_c[20--?].
300 _a20 paginas ;
_c20 cm.
336 _2rdacontent
_atexto
_btxt
337 _2rdamedia
_asin mediación
_bn
338 _2rdacarrier
_avolumen
_bnc
590 _aInventariado, 2023 / DG
910 _aDG
942 _2ddc
_cLF2
999 _c29988
_d29988